[Event "MNT-chT"]
[Site "Herceg Novi"]
[Date "2023.05.03"]
[Round "3.1"]
[White "Alivodic, Dario"]
[Black "Vujosevic, Sasa"]
[Result "1-0"]
[WhiteElo "2263"]
[BlackElo "1946"]
[PlyCount "89"]
[EventDate "2023.05.01"]
[EventType "team-tourn"]
[EventRounds "9"]
[EventCountry "MNE"]
[SourceTitle "CBM 214 Extra"]
[Source "ChessBase"]
[SourceDate "2023.07.31"]
[SourceVersion "1"]
[SourceVersionDate "2023.07.31"]
[SourceQuality "1"]
[WhiteTeam "Buducnost"]
[BlackTeam "Prosvjeta"]
[WhiteTeamCountry "MNE"]
[BlackTeamCountry "MNE"]

1. c4 g6 2. Nc3 Nf6 3. e4 d6 4. d4 Bg7 5. Nge2 0-0 6. Ng3 e5 7. d5 Ne8 8. Be2 f5 9. exf5 gxf5 10. Nh5 Rf7 11. Nxg7 Rxg7 12. g3 Nd7 13. Qc2 Nf8 14. h4 Qf6 15. Bg5 Qf7 16. Bh6 Nf6 17. Bxg7 Qxg7 18. 0-0-0 a6 19. Qd2 h6 20. Rhg1 Kh7 21. Qe3 Ng6 22. h5 Nh8 23. f4 Nf7 24. Rdf1 Bd7 25. Bd3 Re8 26. Qd2 e4 27. Be2 Ng4 28. Nd1 Qf6 29. Bxg4 fxg4 30. Re1 b5 31. Re3 Bf5 32. Rge1 Rc8 33. Nc3 c6 34. dxc6 Rxc6 35. cxb5 axb5 36. Kb1 b4 37. Nd5 Qe6 38. Nxb4 Rc5 39. Nc2 Qc4 40. Rc3 e3 41. Qxe3 Qb4 42. Rxc5 dxc5 43. Qc3 Qb5 44. Ka1 c4 45. Nd4 1-0

[Event "MNT-ch 75th"]
[Site "Podgorica"]
[Date "2023.02.12"]
[Round "8"]
[White "Lakusic, Zoran"]
[Black "Vujosevic, Sasa"]
[Result "1/2-1/2"]
[WhiteElo "1619"]
[BlackElo "1989"]
[PlyCount "105"]
[EventDate "2023.02.05"]
[EventType "swiss"]
[EventRounds "9"]
[EventCountry "MNE"]
[SourceTitle "CBM 212 Extra"]
[Source "ChessBase"]
[SourceDate "2023.03.31"]
[SourceVersion "1"]
[SourceVersionDate "2023.03.31"]
[SourceQuality "1"]

1. c4 g6 2. Nf3 Bg7 3. Nc3 f5 4. d4 Nf6 5. Bg5 h6 6. Bxf6 Bxf6 7. e4 d6 8. e5 Bg7 9. Nh4 Kf7 10. f4 e6 11. g3 dxe5 12. fxe5 Nc6 13. Nf3 Qe7 14. Qe2 Qb4 15. Kf2 Rd8 16. Rd1 Qb6 17. c5 Qa5 18. a3 Ne7 19. Bg2 c6 20. Nd2 Nd5 21. Nc4 Qc7 22. Nd6+ Kg8 23. Bxd5 cxd5 24. Ncb5 Qe7 25. Nxc8 Rdxc8 26. Nd6 Rf8 27. h4 h5 28. Qd2 f4 29. gxf4 Bh6 30. Qd3 Rxf4+ 31. Ke2 Kh7 32. Rdg1 Rg8 33. Rf1 Rgf8 34. Rxf4 Rxf4 35. Rg1 Qg7 36. Ne8 Qf7 37. Nf6+ Rxf6 38. exf6 Qxf6 39. Kd1 Kg7 40. Ke2 e5 41. dxe5 Qxe5+ 42. Kd1 g5 43. Re1 Qxb2 44. Qxd5 Qa1+ 45. Ke2 Qf6 46. Qxb7+ Kg8 47. Qb3+ Kh8 48. Qb8+ Kh7 49. Qxa7+ Bg7 50. hxg5 Qe5+ 51. Kf2 Qf4+ 52. Ke2 Qe4+ 53. Kf2 1/2-1/2

[Event "MNT-ch 75th"]
[Site "Podgorica"]
[Date "2023.02.07"]
[Round "3"]
[White "Vujosevic, Sasa"]
[Black "Grbovic, Dino"]
[Result "0-1"]
[WhiteElo "1989"]
[BlackElo "1557"]
[PlyCount "93"]
[EventDate "2023.02.05"]
[EventType "swiss"]
[EventRounds "9"]
[EventCountry "MNE"]
[SourceTitle "CBM 212 Extra"]
[Source "ChessBase"]
[SourceDate "2023.03.31"]
[SourceVersion "1"]
[SourceVersionDate "2023.03.31"]
[SourceQuality "1"]

1. e4 d6 2. d4 Nf6 3. Bd3 g6 4. Ne2 Bg7 5. c3 0-0 6. Nd2 a6 7. 0-0 c5 8. h3 Nc6 9. Nf3 Nd7 10. Be3 b6 11. Qd2 Re8 12. Bh6 Bh8 13. Bc4 e6 14. Qf4 Na5 15. Bd3 e5 16. Qg3 Qe7 17. d5 Bg7 18. Bxg7 Kxg7 19. Nh4 Nf6 20. Rae1 Nh5 21. Qe3 Qxh4 22. g4 Nf4 23. Nxf4 exf4 24. Qxf4 Qxh3 25. Be2 Re5 26. f3 Qh6 27. Qg3 Bd7 28. Bd1 Kh8 29. f4 Ree8 30. e5 dxe5 31. fxe5 Qg7 32. Rf6 Nc4 33. g5 b5 34. Qf4 Bf5 35. b3 Nb2 36. Be2 c4 37. bxc4 bxc4 38. Bxc4 Rec8 39. Bf1 Qf8 40. Re3 Qc5 41. Kh2 Qxd5 42. Bg2 Qc4 43. Rxf5 gxf5 44. Qxf5 Qe6 45. Qf4 Rc4 46. Be4 Re8 47. Kg2 0-1

[Event "MNT-ch 75th"]
[Site "Podgorica"]
[Date "2023.02.06"]
[Round "2"]
[White "Vujosevic, Sasa"]
[Black "Soc, Bogdan"]
[Result "0-1"]
[WhiteElo "1989"]
[BlackElo "1649"]
[PlyCount "88"]
[EventDate "2023.02.05"]
[EventType "swiss"]
[EventRounds "9"]
[EventCountry "MNE"]
[SourceTitle "CBM 212 Extra"]
[Source "ChessBase"]
[SourceDate "2023.03.31"]
[SourceVersion "1"]
[SourceVersionDate "2023.03.31"]
[SourceQuality "1"]

1. e4 c5 2. Nc3 Nc6 3. g3 g6 4. Bg2 Bg7 5. f4 d6 6. Nf3 e6 7. d3 Nge7 8. 0-0 0-0 9. Ne2 Bd7 10. g4 f5 11. h3 b5 12. Ng3 b4 13. Re1 Re8 14. exf5 exf5 15. Ng5 Nd4 16. c3 bxc3 17. bxc3 h6 18. cxd4 hxg5 19. Rb1 Bxd4+ 20. Kh2 fxg4 21. Qb3+ Kg7 22. Bxa8 Qxa8 23. Qb7 Qd8 24. Bb2 gxf4 25. Bxd4+ cxd4 26. Ne4 g3+ 27. Kg1 Nf5 28. Rf1 g5 29. Qxa7 Re7 30. Nxd6 Bc8 31. Nxf5+ Bxf5 32. Rb7 Rxb7 33. Qxb7+ Qd7 34. Rb1 Qxb7 35. Rxb7+ Kg6 36. Rb6+ Kh5 37. a4 Bxd3 38. a5 f3 39. Rf6 f2+ 40. Kg2 f1Q+ 41. Rxf1 Bxf1+ 42. Kxf1 d3 43. a6 d2 44. Ke2 g2 0-1

[Event "MNT-chT"]
[Site "Podgorica"]
[Date "2020.10.13"]
[Round "7.1"]
[White "Mugosa, Srdjan"]
[Black "Vujosevic, Sasa"]
[Result "1-0"]
[WhiteElo "1995"]
[BlackElo "1995"]
[PlyCount "43"]
[EventDate "2020.10.09"]
[EventType "team-tourn"]
[EventRounds "9"]
[EventCountry "MNE"]
[SourceTitle "CBM 198 Extra"]
[Source "ChessBase"]
[SourceDate "2020.11.30"]
[SourceVersion "1"]
[SourceVersionDate "2020.11.30"]
[SourceQuality "1"]
[WhiteTeam "Cetinje"]
[BlackTeam "Prosvjeta"]
[WhiteTeamCountry "MNE"]
[BlackTeamCountry "MNE"]

1. c4 Nf6 2. Nc3 g6 3. e4 d6 4. d4 Bg7 5. Be3 0-0 6. f3 e5 7. Nge2 a6 8. Qd2 Re8 9. d5 Nbd7 10. g4 Nf8 11. Ng3 N6d7 12. 0-0-0 b5 13. cxb5 axb5 14. Bxb5 Ba6 15. Bc6 Rc8 16. h4 Bf6 17. h5 g5 18. Nf5 Rb8 19. Kb1 Bb7 20. Ba4 Ra8 21. Rc1 Re7 22. Bxg5 1-0

[Event "MNT-chT"]
[Site "Podgorica"]
[Date "2020.10.11"]
[Round "5.2"]
[White "Kisic, Bozidar"]
[Black "Vujosevic, Sasa"]
[Result "1-0"]
[WhiteElo "2252"]
[BlackElo "1995"]
[PlyCount "53"]
[EventDate "2020.10.09"]
[EventType "team-tourn"]
[EventRounds "9"]
[EventCountry "MNE"]
[SourceTitle "CBM 198 Extra"]
[Source "ChessBase"]
[SourceDate "2020.11.30"]
[SourceVersion "1"]
[SourceVersionDate "2020.11.30"]
[SourceQuality "1"]
[WhiteTeam "Elektroprivreda"]
[BlackTeam "Prosvjeta"]
[WhiteTeamCountry "MNE"]
[BlackTeamCountry "MNE"]

1. d4 Nf6 2. Bg5 h6 3. Bf4 d5 4. e3 Bf5 5. c4 e6 6. Nc3 c6 7. Qb3 Qb6 8. c5 Qxb3 9. axb3 Nbd7 10. h3 b5 11. Nf3 a5 12. b4 a4 13. Nxb5 cxb5 14. Bxb5 Kd8 15. Rxa4 Rxa4 16. Bxa4 Bd3 17. Bxd7 Nxd7 18. Kd2 Be4 19. Ra1 Bxf3 20. gxf3 Ke7 21. Ra7 e5 22. Bxe5 f6 23. Bg3 Ke6 24. Ra6+ Kf7 25. Ke2 Be7 26. c6 Nb8 27. Ra8 1-0

[Event "MNT-chT 1st League"]
[Site "Podgorica"]
[Date "2019.07.26"]
[Round "7.2"]
[White "Scepanovic, Dragan"]
[Black "Vujosevic, Sasa"]
[Result "0-1"]
[WhiteElo "1967"]
[BlackElo "2016"]
[PlyCount "76"]
[EventDate "2019.07.20"]
[EventType "team-tourn"]
[EventRounds "9"]
[EventCountry "MNE"]
[SourceTitle "EXT 2020"]
[Source "ChessBase"]
[SourceDate "2019.10.17"]
[SourceVersion "1"]
[SourceVersionDate "2019.10.17"]
[SourceQuality "1"]
[WhiteTeam "Kotor"]
[BlackTeam "Prosvjeta"]
[WhiteTeamCountry "MNE"]
[BlackTeamCountry "MNE"]

1. e4 e6 2. d4 d5 3. Nd2 Nf6 4. e5 Nfd7 5. Ngf3 c5 6. c3 Nc6 7. Bd3 Qb6 8. 0-0 cxd4 9. cxd4 Nxd4 10. Nxd4 Qxd4 11. Nf3 Qb6 12. Qa4 Be7 13. Be3 Qb4 14. Qc2 h6 15. h3 Qa5 16. a3 0-0 17. b4 Qd8 18. Qd2 f5 19. exf6 Bxf6 20. Rad1 Rf7 21. Bb1 b6 22. Rfe1 Nf8 23. Bf4 Ba6 24. Ne5 Bxe5 25. Bxe5 Bc4 26. Re3 Qg5 27. Rde1 Re8 28. Qd4 Nd7 29. f4 Qh4 30. Qd2 Rc8 31. Bd6 Nf8 32. Bxf8 Rcxf8 33. Qc2 g5 34. Rxe6 Rg7 35. f5 g4 36. R1e3 gxh3 37. Rg6 Rxg6 38. fxg6 h2+ 0-1

[Event "MNT-chT 1st League"]
[Site "Podgorica"]
[Date "2018.09.30"]
[Round "6.2"]
[White "Vujosevic, Sasa"]
[Black "Malisic, Miroslav"]
[Result "1-0"]
[WhiteElo "2016"]
[BlackElo "1843"]
[PlyCount "61"]
[EventDate "2018.09.07"]
[EventType "team-tourn"]
[EventRounds "9"]
[EventCountry "MNE"]
[SourceTitle "CBM 187 Extra"]
[Source "ChessBase"]
[SourceDate "2018.11.04"]
[SourceVersion "1"]
[SourceVersionDate "2018.11.04"]
[SourceQuality "1"]
[WhiteTeam "Prosvjeta"]
[BlackTeam "Gambit"]
[WhiteTeamCountry "MNE"]
[BlackTeamCountry "MNE"]

1. e4 e5 2. Nf3 d6 3. d4 exd4 4. Nxd4 Nf6 5. Nc3 a6 6. Bd3 Bg4 7. f3 Bh5 8. 0-0 Be7 9. Nf5 0-0 10. Bg5 Nbd7 11. Qd2 c6 12. Rae1 Bg6 13. Nxe7+ Qxe7 14. f4 h6 15. Bh4 Rfe8 16. e5 dxe5 17. fxe5 Nxe5 18. Bxg6 fxg6 19. Bxf6 gxf6 20. Qxh6 Qg7 21. Qf4 f5 22. Re3 Re7 23. Rg3 Rae8 24. a4 a5 25. Qd2 Rd7 26. Qg5 Ng4 27. h3 Qd4+ 28. Kh1 Re6 29. hxg4 fxg4 30. Qh6 Rh7 31. Rf8# 1-0

[Event "MNT-chT 1st League"]
[Site "Podgorica"]
[Date "2018.09.28"]
[Round "4.1"]
[White "Vujosevic, Sasa"]
[Black "Malisic, Miodrag"]
[Result "1-0"]
[WhiteElo "2016"]
[BlackElo "1835"]
[PlyCount "63"]
[EventDate "2018.09.07"]
[EventType "team-tourn"]
[EventRounds "9"]
[EventCountry "MNE"]
[SourceTitle "CBM 187 Extra"]
[Source "ChessBase"]
[SourceDate "2018.11.04"]
[SourceVersion "1"]
[SourceVersionDate "2018.11.04"]
[SourceQuality "1"]
[WhiteTeam "Prosvjeta"]
[BlackTeam "Berane"]
[WhiteTeamCountry "MNE"]
[BlackTeamCountry "MNE"]

1. e4 e5 2. Nf3 Nf6 3. Nxe5 d6 4. Nf3 Nxe4 5. d4 d5 6. Bd3 Be7 7. 0-0 0-0 8. Re1 f5 9. Ne5 Nd7 10. Bf4 Bd6 11. Nxd7 Qxd7 12. Bxd6 Qxd6 13. f3 Ng5 14. Nd2 Bd7 15. Nb3 Rae8 16. Qd2 Qg6 17. Kh1 b6 18. Qf4 Ne6 19. Qd2 Qf6 20. Re5 Nxd4 21. Rxd5 Nxb3 22. axb3 Be6 23. Rb5 Qxb2 24. Re1 Bd7 25. Rb4 Rxe1+ 26. Qxe1 Re8 27. Qg1 Qc3 28. Rc4 Qd2 29. Rd4 Be6 30. Bb5 Qxc2 31. Bxe8 Qxb3 32. Rd8 1-0

[Event "MNT-chT 1st League"]
[Site "Podgorica"]
[Date "2014.08.29"]
[Round "1.5"]
[White "Vujosevic, Sasa"]
[Black "Cadjenovic, Dragan"]
[Result "0-1"]
[WhiteElo "2001"]
[BlackElo "1871"]
[PlyCount "70"]
[EventDate "2014.08.29"]
[EventType "team-tourn"]
[EventRounds "9"]
[EventCountry "MNE"]
[SourceTitle "EXT 2018"]
[Source "ChessBase"]
[SourceDate "2017.10.13"]
[SourceVersion "1"]
[SourceVersionDate "2017.10.13"]
[SourceQuality "1"]
[WhiteTeam "Zeta"]
[BlackTeam "Zora"]
[WhiteTeamCountry "MNE"]
[BlackTeamCountry "MNE"]

1. e4 c5 2. Nc3 Nc6 3. g3 d6 4. Bg2 Nf6 5. f4 e5 6. d3 Be7 7. Nf3 Bg4 8. h3 Bxf3 9. Qxf3 Nd4 10. Qd1 b5 11. 0-0 0-0 12. g4 b4 13. Ne2 Nxe2+ 14. Qxe2 Rc8 15. f5 Ne8 16. Be3 Bg5 17. Qd2 Bxe3+ 18. Qxe3 h6 19. b3 a5 20. Qg3 f6 21. h4 Nc7 22. Qe3 Nb5 23. Bh3 Nd4 24. Rf2 a4 25. Kh2 axb3 26. cxb3 Ra8 27. Rg1 Kf7 28. g5 hxg5 29. hxg5 Rh8 30. Rfg2 fxg5 31. Rxg5 Rxa2+ 32. Kh1 Rh7 33. Qg3 Qh8 34. Rh5 Rxh5 35. Qg6+ Ke7 0-1

[Event "MNT-chTA"]
[Site "Cetinje"]
[Date "2012.09.23"]
[Round "6"]
[White "Mitrovic, Miroslav"]
[Black "Vujosevic, Sasa"]
[Result "1-0"]
[WhiteElo "2109"]
[BlackElo "2040"]
[PlyCount "126"]
[EventDate "2012.09.07"]
[EventType "team-tourn"]
[EventRounds "9"]
[EventCountry "MNE"]
[SourceTitle "CBM 150 Extra"]
[Source "ChessBase"]
[SourceDate "2012.10.19"]
[SourceVersion "1"]
[SourceVersionDate "2012.10.19"]
[SourceQuality "1"]

1. e4 e6 2. d4 d5 3. Nc3 Nf6 4. e5 Nfd7 5. Nce2 c5 6. c3 Nc6 7. Nf3 b5 8. dxc5 Bxc5 9. Ned4 Ncxe5 10. Nxe5 Nxe5 11. Bxb5+ Bd7 12. Bxd7+ Qxd7 13. 0-0 0-0 14. Re1 Ng6 15. Nf3 f6 16. Qe2 e5 17. Be3 Bxe3 18. Qxe3 Rab8 19. b3 a5 20. Red1 Qc6 21. g3 Rfc8 22. Rac1 Ne7 23. c4 d4 24. Nxd4 exd4 25. Qxe7 Rd8 26. Qe2 a4 27. Qd3 axb3 28. axb3 Qb6 29. Rb1 Qb4 30. h4 Ra8 31. Qf3 Ra7 32. Rd3 Re7 33. Rbd1 Qc5 34. Qf4 Red7 35. Qf3 Re7 36. Qf4 Red7 37. Qd2 Kf7 38. Ra1 Re7 39. Rd1 Red7 40. Qe2 Re7 41. Qf3 Kg8 42. Qf4 Red7 43. Re1 Ra7 44. Qe4 Rad7 45. Ra1 Re7 46. Qf3 Kf7 47. Rdd1 Qe5 48. Qd3 g6 49. b4 f5 50. Ra5 Qb8 51. b5 Qb6 52. Raa1 Rde8 53. Kg2 Re4 54. Ra6 Qb7 55. Qf3 Qc8 56. Rc6 Qa8 57. Qb3 Kg7 58. Qf3 Qa4 59. Rc7+ Kh8 60. b6 Qc2 61. Qd3 Qb2 62. Rb1 Qa2 63. b7 Re2 1-0